000 01152nam a22002655a 4500
003 OSt
005 20201124142956.0
008 170615s2010 ua a grb 000 0 ara d
017 _a2010 / 3435
040 _aEG-ScBUE
_bara
_cEG-ScBUE
082 0 4 _222
_b344.01
_aد ح ل
100 1 _aدحلان، عبد الله صادق،
_d1353 هجريا-
245 1 0 _aمدونة القانون الدولي للعمل :
_bمنظمة العمل الدولية والتشريع الدولي للعمل 1919 - 2009 /
_cعبد الله بن صادق دحلان، عدنان خليل التلاوي.
250 _aط. 1.
260 _aالجيزة، مصر :
_bالمكتبة الأكاديمية،
_c2010.
300 _a784 ص. :
_bإيض. ؛
_c24 سم.
504 _aيشتمل على إرجاعات ببليوجرافية.
546 _aالنص باللغتين العربية والإنجليزية.
590 _aدعاء
650 7 _2BUEsh
_aالعمل والعمال (قانون دولي)
650 7 _2BUEsh
_aالموظفون الدوليون.
653 _bGGEN
_cJune2017
700 1 _aالتلاوي، عدنان خليل،
_914977
942 _2ddc
999 _c24942
_d24914